UM Logo
Normal view MARC view
  • Grund, Simon

Entry Personal Name

Number of records used in: 1

001 - CONTROL NUMBER

  • control field: 69489

003 - CONTROL NUMBER IDENTIFIER

  • control field: OSt

005 - DATE AND TIME OF LATEST TRANSACTION

  • control field: 20260129172714.0

008 - FIXED-LENGTH DATA ELEMENTS

  • fixed length control field: 260129|| aca||aabn | a|a d

040 ## - CATALOGING SOURCE

  • Original cataloging agency: OSt

100 ## - HEADING--PERSONAL NAME

  • Personal name: Grund, Simon
  • Relator term: author.